Top 10 countries that will suffer most from global warming - Statistics

General Stats
  • This quiz has been taken 590 times
  • The average score is 7 of 10
Answer Stats
Rank Continent Country % Correct
2 Asia India
90%
3 Asia Indonesia
87%
1 Asia Bangladesh
76%
5 Asia Vietnam
76%
8 Middle East Israel
72%
9 Middle East Qatar
70%
10 Middle East Bahrain
68%
4 Asia Burma
65%
6 Asia Philippines
65%
7 Asia Cambodia
63%
No matching quizzes found
Score Distribution
Percent of People with Each Score
Percentile by Number Answered
Your Score History
You have not taken this quiz